| 000 | 00985nam a22002297a 4500 | ||
|---|---|---|---|
| 005 | 20210325204210.0 | ||
| 008 | s2552 th tha d | ||
| 020 | _a9789742353070 | ||
| 041 | _atha | ||
| 050 | _aAC159 น254บ 2552 ล.4 | ||
| 100 | 0 | _aนริศรานุวัดติวงศ์, สมเด็จพระเจ้าบรมวงศ์เธอ เจ้าฟ้าฯ กรมพระยา | |
| 245 | 1 | 0 | _aบันทึกเรื่องความรู้ต่างๆ เล่ม ๔ [25th] |
| 260 | 3 |
_aกรุงเทพฯ _c2552 |
|
| 300 |
_a366 หน้า ; _b 21 ซม. |
||
| 650 | 0 | 4 | _aความรู้ทั่วไป |
| 650 | 0 | 4 | _aรวมเรื่อง |
| 850 | _aNALT | ||
| 942 | _cGB | ||
| 997 | _a36490 ฉ.1 /36491 ฉ.2 | ||
| 997 | _c000000000060216 | ||
| 998 | _aนางสาวชัชฎา จูฑะรักษ์ | ||
| 999 |
_c60216 _d60216 |
||